| 000 | 00469nam a2200157 a 4500 | ||
|---|---|---|---|
| 001 | 4162 | ||
| 003 | CDMR | ||
| 005 | 20130301111654.0 | ||
| 008 | 130130s1999||||||||||||||||||||||||||||d | ||
| 020 | _a8488675585 | ||
| 040 |
_aCDMR _bcat _cCDMR |
||
| 111 | 2 |
_93023 _aConcurso Fotográfico "Caminos de Hierro" _d1999 _n13è |
|
| 245 | 1 | 0 |
_aCaminos de Hierro _b13º concurso fotográfico 1999 |
| 260 |
_aMadrid _c1999 _bFundación de los Ferrocarriles Españoles |
||
| 942 |
_cMON _2udc |
||
| 999 |
_c4162 _d4162 |
||